000 01343cam a22002893a 4500
001 2524
005 20240126152823.0
020 _a0439405572 (pbk.)
020 _a9780439405577
040 _aEOW
_cEOW
_dOCLCQ
_dDLC
_beng
050 0 0 _aPZ7.L3274
082 _a813.6
100 1 _aLasky, Kathryn
245 1 4 _aThe capture /
_cby Kathryn Lasky
250 _aFirst printing, September 2003
260 _aNew York :
_bScholastic,
_c2003
300 _a226 pages :
_c20 cm
505 _aR
520 _aA classic hero mythology about the fight between good and evil, Guardians of Ga'Hoole is filled with adventure, suspense, and heart.Soren is born in the forest of Tyto, a tranquil kingdom where the Barn Owls dwell. But evil lurks in the owl world, evil that threatens to shatter Tyto's peace and change the course of Soren's life forever.Soren is captured and taken to a dark and forbidding canyon. It's called an orphanage, but Soren believes it's something far worse. He and his friend Gylfie know that the only way out is up. To escape,...
521 _a730
_bLexile
521 _aR
_bRaz-Plus
650 0 _aOwls
_vJuvenile fiction.
650 0 _aGylfie (Fictitious character)
_vJuvenile fiction.
650 0 _aTyto (Imaginary place)
_vJuvenile fiction.
906 _a7
_bcbc
_ccopycat
_d3
_encip
_f20
_gy-gencatlg
942 _2ddc
_cBK
_n0
999 _c2524
_d2524